000 00839nac a22002417a 4500
001 BR8806355
003 BR-BrBNA
005 20240105120846.0
008 230509b bl.|||m| |||| 00| 0 por d
040 _aBR-BrBNA
_bpor
_cBiblioteca Nacional de Agricultura
072 _aE20
090 _aE20 BR8806355
110 1 _aConselho Consultivo dos Produtores de Cacau, Itabuna, BA (Brasil)
_92584
245 1 _aRelatorio de atividades periodo, julho a dezembro-1984 [Conselho Consultivo dos Produtores de Cacau]
260 3 _aItabuna, BA (Brasil):
_c1984.
300 _a27 p.
490 _aRelatorio Semestral - Conselho Consultivo dos Produtores de Cacau (Brazil)
_v
_x
650 _aEMPRESA AGRICOLA
650 _aADMINISTRACAO
650 _aCONTABILIDADE
909 _a202312
_bLúcia Elande
_c55
_dLúcia Elande
942 _2AGRIS
_n0
_cMS
999 _c281822
_d281822